[Event "DEM U12/U12w 2000"]
[Site "Überlingen GER"]
[Date "2000.06.07"]
[Round "6"]
[White "Braun, Arik"]
[Black "Frübing, Stefan"]
[Result "1-0"]
[Termination "normal"]
[Board "1"]
[WhiteElo "2139"]
[BlackElo "1724"]
[PlyCount "55"]
[WhiteFideId "4663527"]
[BlackFideId "4682165"]
[EventCountry "GER"]
[EventRounds "11"]
[EventType "swiss"]
[EventDate "2000.06.03"]

1. d4 Nf6 2. c4 e5 3. dxe5 Ng4 4. Bf4 Nc6 5. Nf3 Bb4+ 6. Nbd2 Qe7 7. e3 Ngxe5
8. Nxe5 Nxe5 9. Be2 d6 10. O-O Bxd2 11. Qxd2 O-O 12. Qd5 Qe6 13. Rfd1 Ng6 14.
Bg3 Ne7 15. Qd2 Nc6 16. Rac1 Qe7 17. Bf3 Ne5 18. Bd5 Rb8 19. Qa5 a6 20. c5 b6
21. cxd6 cxd6 22. Qa3 a5 23. Bb3 Bg4 24. Qxd6 Qxd6 25. Rxd6 Ng6 26. f3 Bh5 27.
Rd5 a4 28. Bxa4 1-0

[Event "DEM U12/U12w 2000"]
[Site "Überlingen GER"]
[Date "2000.06.07"]
[Round "6"]
[White "Brener, Ilja"]
[Black "Lutz, Dieter"]
[Result "0-1"]
[Termination "normal"]
[Board "2"]
[WhiteElo "1701"]
[BlackElo "2185"]
[PlyCount "144"]
[WhiteFideId "4688201"]
[BlackFideId "4667565"]
[EventCountry "GER"]
[EventRounds "11"]
[EventType "swiss"]
[EventDate "2000.06.03"]

1. d4 Nf6 2. c4 b6 3. Nc3 Bb7 4. d5 e6 5. a3 Be7 6. e4 d6 7. f4 Nbd7 8. Nf3 e5
9. f5 c6 10. b4 cxd5 11. cxd5 Rc8 12. Bb2 a6 13. a4 O-O 14. Nd2 Ne8 15. g3 Nc7
16. Bg2 a5 17. b5 Nc5 18. Qc2 Ne8 19. O-O Bg5 20. Rae1 Nxa4 21. Ndb1 Nc5 22.
Re2 Rb8 23. Bf3 Bc8 24. h4 Be7 25. Ba3 Bd7 26. Rh2 Rc8 27. Bc1 Nc7 28. Be2 Qe8
29. Na3 Qd8 30. Bc4 Ne8 31. Qe2 Ra8 32. Bd2 Rc8 33. Be1 Nc7 34. g4 f6 35. Rff2
Be8 36. Rfg2 g5 37. hxg5 fxg5 38. Qe3 Rf7 39. Rh3 Nd7 40. Bd2 Na8 41. Qe2 Nf8
42. Be3 Qc7 43. Bd2 Qc5+ 44. Kh2 Qxa3 45. Nd1 Qc5 46. Nb2 Qc7 47. Rc3 Qd8 48.
Qf1 Bf6 49. Qc1 Rfc7 50. Kh1 Rg7 51. Be1 Nd7 52. Bg3 Nc5 53. Re2 Nc7 54. Nd3
Nxb5 55. Bxb5 Bxb5 56. Nxc5 Bxe2 57. Ne6 Rxc3 58. Qxc3 Qb8 59. Nxg7 Kxg7 60.
Bf2 Bd8 61. Qc6 Qc7 62. Qe8 Bxg4 63. Bxb6 Qxb6 64. Qd7+ Kh6 65. Qe6+ Kh5 66.
Qf7+ Kh4 67. Qxh7+ Bh5 68. f6 Qb1+ 69. Kg2 Qc2+ 70. Kf1 Qe2+ 71. Kg1 Bb6+ 72.
Kh1 Qf1+ 0-1

[Event "DEM U12/U12w 2000"]
[Site "Überlingen GER"]
[Date "2000.06.07"]
[Round "6"]
[White "Bäumler, Ilja"]
[Black "Figura, Atila"]
[Result "0-1"]
[Termination "normal"]
[Board "3"]
[WhiteElo "1687"]
[BlackElo "1789"]
[PlyCount "50"]
[WhiteFideId "4681070"]
[BlackFideId "4688058"]
[EventCountry "GER"]
[EventRounds "11"]
[EventType "swiss"]
[EventDate "2000.06.03"]

1. e4 c5 2. c3 d5 3. exd5 Qxd5 4. d4 cxd4 5. cxd4 e6 6. Nc3 Qd6 7. Nf3 Nf6 8.
Bc4 a6 9. O-O Nc6 10. Re1 Be7 11. a3 O-O 12. Bb3 b6 13. Qd3 Rd8 14. Ne4 Nxe4
15. Qxe4 Bb7 16. Bc2 g6 17. Bf4 Qd7 18. Rad1 Bf6 19. Qd3 Nxd4 20. Nxd4 Qxd4 21.
Qxd4 Rxd4 22. Rxd4 Bxd4 23. b3 Rc8 24. Re2 Bd5 25. Bd6 Bxb3 0-1

[Event "DEM U12/U12w 2000"]
[Site "Überlingen GER"]
[Date "2000.06.07"]
[Round "6"]
[White "Blome, Thomas"]
[Black "Armbrust, Florian"]
[Result "0-1"]
[Termination "normal"]
[Board "4"]
[WhiteElo "1465"]
[BlackElo "1747"]
[PlyCount "144"]
[BlackFideId "4691350"]
[EventCountry "GER"]
[EventRounds "11"]
[EventType "swiss"]
[EventDate "2000.06.03"]

1. Nf3 d5 2. g3 c6 3. Bg2 Bg4 4. O-O Nd7 5. d3 e5 6. e4 dxe4 7. dxe4 Bc5 8. c3
a5 9. Qc2 Ngf6 10. Nbd2 O-O 11. Rd1 Qc7 12. Nf1 Rfe8 13. Be3 Bxe3 14. Nxe3 Bh5
15. Re1 Nc5 16. Nh4 Rad8 17. f3 Rd7 18. g4 Bg6 19. Nxg6 hxg6 20. Rad1 Red8 21.
Rxd7 Rxd7 22. Rd1 Qb6 23. Rxd7 Nfxd7 24. Nc4 Qc7 25. b4 axb4 26. cxb4 Ne6 27.
Qd3 Nd4 28. a3 Nf8 29. f4 f6 30. f5 gxf5 31. gxf5 Nd7 32. Nd2 c5 33. Qc4+ Kh7
34. Bf1 b5 35. Qf7 cxb4 36. axb4 Qc2 37. Bxb5 Qd1+ 38. Bf1 Qxd2 39. Qg6+ Kh8
40. Qe8+ Nf8 41. Qh5+ Qh6 42. Qxh6+ gxh6 43. Kf2 h5 44. Kg3 Kh7 45. Bc4 Nd7 46.
h4 Nb6 47. Bd3 Nc6 48. Be2 Kh6 49. b5 Nd4 50. Bd3 Kg7 51. Kf2 Kf8 52. Ke3 Ke7
53. Kf2 Nd7 54. Bc4 Nb6 55. Bd3 Kd6 56. Bb1 Nxb5 57. Bc2 Nc3 58. Ke3 Kc5 59.
Bb3 Nc4+ 60. Kd3 Nxe4 61. Bxc4 Nf2+ 62. Kc3 Nd1+ 63. Kb3 Ne3 64. Bf7 Nxf5 65.
Kc3 Nxh4 66. Bxh5 Kd5 67. Kd3 e4+ 68. Ke3 Ke5 69. Be8 f5 70. Bc6 f4+ 71. Kf2
Kd4 72. Bb7 e3+ 0-1

[Event "DEM U12/U12w 2000"]
[Site "Überlingen GER"]
[Date "2000.06.07"]
[Round "6"]
[White "Behm, Simon"]
[Black "Rehberg, Raphael"]
[Result "0-1"]
[Termination "normal"]
[Board "5"]
[WhiteElo "1712"]
[BlackElo "1483"]
[PlyCount "34"]
[WhiteFideId "4691962"]
[BlackFideId "4686799"]
[EventCountry "GER"]
[EventRounds "11"]
[EventType "swiss"]
[EventDate "2000.06.03"]

1. d4 d5 2. c4 e6 3. Nc3 c5 4. cxd5 cxd4 5. Qxd4 Nc6 6. Qd1 exd5 7. Qxd5 Bd7 8.
Bf4 Nf6 9. Qd1 Bc5 10. e3 Qe7 11. Bc4 O-O-O 12. Qe2 Rhe8 13. O-O-O Bf5 14. Nf3
Ne4 15. Nxe4 Qxe4 16. Nd4 Qb1+ 17. Kd2 Bb4# 0-1

[Event "DEM U12/U12w 2000"]
[Site "Überlingen GER"]
[Date "2000.06.07"]
[Round "6"]
[White "Dück, Stefan"]
[Black "Hofmann, Annett"]
[Result "1-0"]
[Termination "normal"]
[Board "6"]
[WhiteElo "1740"]
[BlackElo "1326"]
[PlyCount "119"]
[WhiteFideId "4681355"]
[BlackFideId "24603759"]
[EventCountry "GER"]
[EventRounds "11"]
[EventType "swiss"]
[EventDate "2000.06.03"]

1. e4 d5 2. exd5 Qxd5 3. Nc3 Qa5 4. d4 c6 5. Bc4 Bf5 6. Nf3 Nf6 7. Bd2 Nbd7 8.
Qe2 e6 9. d5 cxd5 10. Nxd5 Qd8 11. Nxf6+ Nxf6 12. Bb5+ Nd7 13. Ne5 Bd6 14. Nxd7
Ke7 15. Ne5 f6 16. Nf3 Qb6 17. O-O a6 18. Bd3 Bg4 19. Qe4 Bh5 20. Be3 Qc7 21.
Qc4 Qb8 22. Bc5 Rc8 23. Bxd6+ Qxd6 24. Qe4 Bxf3 25. Qxf3 Rc7 26. Qg3 e5 27.
Qxg7+ Ke8 28. Qg8+ Qf8 29. Qxf8+ Kxf8 30. f3 Rd8 31. Rad1 Rcd7 32. Be2 Ke7 33.
Rxd7+ Rxd7 34. Rd1 Rc7 35. c3 Rc6 36. Kf2 Rb6 37. b3 Rc6 38. c4 Rc5 39. Rd5 Rc8
40. Bd3 h6 41. Bf5 Rc7 42. Ke3 b6 43. Ke4 Rb7 44. g4 Rc7 45. Rd7+ Rxd7 46. Bxd7
Kxd7 47. Kd5 a5 48. h4 Kc7 49. h5 Kd7 50. a3 Kc7 51. b4 axb4 52. axb4 Kd7 53.
c5 bxc5 54. bxc5 Kc7 55. c6 Kc8 56. Kd6 Kd8 57. c7+ Kc8 58. Kc6 e4 59. fxe4 f5
60. e5 1-0

[Event "DEM U12/U12w 2000"]
[Site "Überlingen GER"]
[Date "2000.06.07"]
[Round "6"]
[White "Grimberg, Boris"]
[Black "Wenger, Carsten"]
[Result "0-1"]
[Termination "normal"]
[Board "7"]
[WhiteElo "1278"]
[BlackElo "1567"]
[PlyCount "70"]
[WhiteFideId "4697499"]
[EventCountry "GER"]
[EventRounds "11"]
[EventType "swiss"]
[EventDate "2000.06.03"]

1. e4 e5 2. Nf3 Nc6 3. Bb5 Nf6 4. O-O Bc5 5. d3 d6 6. h3 Qe7 7. Nc3 Bb4 8. Nd5
Nxd5 9. exd5 a6 10. Bxc6+ bxc6 11. dxc6 O-O 12. c3 Ba5 13. b4 Bb6 14. Be3 Qe8
15. a4 Qxc6 16. c4 Rb8 17. b5 Qb7 18. Qd2 axb5 19. axb5 Bxh3 20. Bxb6 cxb6 21.
d4 Bg4 22. dxe5 Bxf3 23. gxf3 dxe5 24. Qe3 Rfc8 25. Rfc1 Rc5 26. Qe4 f6 27. Ra6
Qc7 28. Ra8 Rxa8 29. Qxa8+ Kf7 30. Qe4 h6 31. Qh4 Rxb5 32. Qh5+ Kf8 33. Qf5 Rc5
34. Qh7 Rxc4 35. Qh8+ Kf7 0-1

[Event "DEM U12/U12w 2000"]
[Site "Überlingen GER"]
[Date "2000.06.07"]
[Round "6"]
[White "Lieder, Konrad"]
[Black "Feuerstack, Aljoscha"]
[Result "1-0"]
[Termination "normal"]
[Board "8"]
[WhiteElo "1323"]
[BlackElo "1543"]
[PlyCount "75"]
[WhiteFideId "4692721"]
[BlackFideId "4681932"]
[EventCountry "GER"]
[EventRounds "11"]
[EventType "swiss"]
[EventDate "2000.06.03"]

1. d4 d5 2. c4 e5 3. dxe5 d4 4. Nf3 Nc6 5. Bg5 Be7 6. Bxe7 Ngxe7 7. Nbd2 Ng6 8.
Nb3 Ngxe5 9. Nxe5 Nxe5 10. Nxd4 Qe7 11. Qb3 c5 12. Nb5 a6 13. Nc3 Nd3+ 14. Kd2
Nxf2 15. Nd5 Qg5+ 16. Qe3+ Qxe3+ 17. Kxe3 Ng4+ 18. Kf4 Rb8 19. h3 Nh6 20. Nc7+
Kf8 21. Rd1 g6 22. g4 Kg7 23. Bg2 f6 24. Rd5 b6 25. Rhd1 Nf7 26. R5d2 g5+ 27.
Kg3 h5 28. Bd5 Ne5 29. Ne6+ Bxe6 30. Bxe6 Rbe8 31. Bd5 hxg4 32. hxg4 Rh4 33.
Bf3 Nxc4 34. Rd7+ Kg6 35. Bd5 Ne5 36. Be4+ f5 37. Bxf5+ Kf6 38. R1d6+ 1-0

[Event "DEM U12/U12w 2000"]
[Site "Überlingen GER"]
[Date "2000.06.07"]
[Round "6"]
[White "Schneider, Christian"]
[Black "Boss, Igor"]
[Result "0-1"]
[Termination "normal"]
[Board "9"]
[WhiteElo "1028"]
[BlackElo "1540"]
[PlyCount "76"]
[WhiteFideId "24613886"]
[EventCountry "GER"]
[EventRounds "11"]
[EventType "swiss"]
[EventDate "2000.06.03"]

1. d4 Nf6 2. c4 c5 3. d5 e6 4. dxe6 fxe6 5. Nc3 d5 6. cxd5 exd5 7. Bg5 d4 8.
Ne4 Qa5+ 9. Nd2 Ne4 10. Bf4 Nc6 11. e3 Qxd2+ 12. Qxd2 Nxd2 13. Kxd2 dxe3+ 14.
Bxe3 Be6 15. Bb5 O-O-O+ 16. Ke2 Nd4+ 17. Bxd4 Rxd4 18. Nf3 Rb4 19. Bd3 Rxb2+
20. Nd2 c4 21. Rac1 b5 22. a4 Kb8 23. Bc2 c3 24. Ne4 b4 25. Ke3 g6 26. Rhd1
Bh6+ 27. f4 b3 28. Bd3 c2 29. Rf1 Bf5 30. g3 Re8 31. Kf3 Bxe4+ 32. Bxe4 Ra2 33.
h3 Bg7 34. g4 Bb2 35. Rce1 Rc8 36. Re3 Rc3 37. Rxc3 Bxc3 38. f5 Ra1 0-1

[Event "DEM U12/U12w 2000"]
[Site "Überlingen GER"]
[Date "2000.06.07"]
[Round "6"]
[White "Siebarth, Raiko"]
[Black "Henneberg, Olga"]
[Result "1-0"]
[Termination "normal"]
[Board "10"]
[WhiteElo "1488"]
[BlackElo "1273"]
[PlyCount "65"]
[WhiteFideId "4674766"]
[EventCountry "GER"]
[EventRounds "11"]
[EventType "swiss"]
[EventDate "2000.06.03"]

1. d4 Nf6 2. Nf3 g6 3. c4 Bg7 4. Nc3 d5 5. cxd5 Nxd5 6. e4 Nxc3 7. bxc3 c5 8.
Be2 Nc6 9. Be3 O-O 10. O-O b6 11. Qd2 Bg4 12. Rfd1 Rc8 13. h3 Bxf3 14. Bxf3 Rc7
15. e5 cxd4 16. cxd4 Na5 17. Bh6 Nc4 18. Qf4 Rd7 19. Bxg7 Kxg7 20. d5 Qc7 21.
Rac1 b5 22. Re1 Qa5 23. Qd4 Kg8 24. e6 fxe6 25. Bg4 Rf5 26. Bxf5 exf5 27. Qc5
Rc7 28. Qd4 Qxa2 29. d6 exd6 30. Re8+ Kf7 31. Qh8 g5 32. Qg8+ Kf6 33. Re6# 1-0

[Event "DEM U12/U12w 2000"]
[Site "Überlingen GER"]
[Date "2000.06.07"]
[Round "6"]
[White "Mijatovic, Vladimir"]
[Black "von der Ahe, Florian"]
[Result "1-0"]
[Termination "normal"]
[Board "11"]
[WhiteElo "1389"]
[BlackElo "1132"]
[PlyCount "141"]
[WhiteFideId "934062"]
[BlackFideId "12970506"]
[EventCountry "GER"]
[EventRounds "11"]
[EventType "swiss"]
[EventDate "2000.06.03"]

1. e4 c5 2. Nf3 Nc6 3. d4 cxd4 4. Nxd4 Nf6 5. Nc3 a6 6. f3 d6 7. Be3 e6 8. Qd2
d5 9. exd5 Nxd5 10. Nxd5 exd5 11. O-O-O Be7 12. Nb3 Be6 13. Kb1 O-O 14. g4 Rc8
15. g5 Nb4 16. Nd4 Nc6 17. h4 Nxd4 18. Bxd4 Bf5 19. Bd3 Bxd3 20. Qxd3 Qd6 21.
Be3 Qg6 22. h5 Qxd3 23. Rxd3 Bc5 24. Bf4 d4 25. Rhd1 Rfe8 26. R3d2 b5 27. Rg2
a5 28. Rc1 a4 29. Rd2 b4 30. c3 bxc3 31. bxc3 Ba3 32. Rcd1 dxc3 33. Rc2 Rc4 34.
Bc1 Rb8+ 35. Ka1 Bb2+ 36. Bxb2 cxb2+ 37. Rxb2 Rbc8 38. Rbd2 Rc1+ 39. Rxc1 Rxc1+
40. Kb2 Rc8 41. Ka3 Ra8 42. Rd4 f6 43. g6 hxg6 44. hxg6 Kf8 45. Rxa4 Rd8 46.
Rf4 Rd3+ 47. Kb4 Ke7 48. a4 Ke6 49. a5 Ke5 50. Re4+ Kf5 51. a6 Rxf3 52. Re8 Rf1
53. a7 Ra1 54. a8=Q Rxa8 55. Rxa8 Kxg6 56. Kc4 f5 57. Kd3 Kg5 58. Ke3 Kg4 59.
Kf2 Kf4 60. Ra4+ Ke5 61. Kf3 g5 62. Ke3 Kf6 63. Ra5 Kg6 64. Kd4 f4 65. Ke4 Kh5
66. Kf3 Kh4 67. Ra8 Kh5 68. Rh8+ Kg6 69. Kg4 Kf6 70. Rh5 f3 71. Rxg5 1-0

[Event "DEM U12/U12w 2000"]
[Site "Überlingen GER"]
[Date "2000.06.07"]
[Round "6"]
[White "Fervers, Lukas"]
[Black "Schiwarth, Nino"]
[Result "1-0"]
[Termination "normal"]
[Board "12"]
[WhiteElo "1359"]
[BlackElo "1096"]
[PlyCount "68"]
[EventCountry "GER"]
[EventRounds "11"]
[EventType "swiss"]
[EventDate "2000.06.03"]

1. e4 c5 2. Nf3 d6 3. d4 cxd4 4. Nxd4 Nf6 5. Nc3 g6 6. Be3 Bg7 7. Be2 Nc6 8. f4
Bd7 9. Nb3 O-O 10. Bd3 Rc8 11. O-O a6 12. Kh1 Na5 13. e5 Ne8 14. Nxa5 Qxa5 15.
Nd5 dxe5 16. Nxe7+ Kh8 17. Nxc8 Bxc8 18. c3 exf4 19. Bd4 Nf6 20. b4 Qc7 21. Qd2
Be6 22. Rac1 b5 23. Be2 Kg8 24. Qxf4 Qxf4 25. Rxf4 Bh6 26. g3 Nd5 27. Rff1 Bxc1
28. Rxc1 Rc8 29. a3 Ne7 30. Bc5 Nc6 31. Bf3 Rc7 32. Re1 Nd8 33. Kg2 Rd7 34. Kf2
Nb7 1-0

[Event "DEM U12/U12w 2000"]
[Site "Überlingen GER"]
[Date "2000.06.07"]
[Round "6"]
[White "Babczyk, Adrian"]
[Black "Collmann, Jan"]
[Result "1-0"]
[Termination "normal"]
[Board "13"]
[WhiteElo "1407"]
[BlackElo "1076"]
[PlyCount "43"]
[WhiteFideId "24608700"]
[EventCountry "GER"]
[EventRounds "11"]
[EventType "swiss"]
[EventDate "2000.06.03"]

1. e4 e6 2. d4 d5 3. Nc3 Bb4 4. Bd2 Nf6 5. e5 Nfd7 6. Nf3 c5 7. a3 cxd4 8. Nxd4
Bxc3 9. Bxc3 Nxe5 10. Nxe6 Bxe6 11. Bxe5 O-O 12. Bd3 Nc6 13. Bg3 Qf6 14. c3 Ne5
15. Bxe5 Qxe5+ 16. Qe2 Qg5 17. O-O Rfe8 18. f4 Qd8 19. Rad1 Qc8 20. Qf2 Qd7 21.
f5 Bxf5 22. Qxf5 1-0

[Event "DEM U12/U12w 2000"]
[Site "Überlingen GER"]
[Date "2000.06.07"]
[Round "6"]
[White "Scholtes, Benedikt"]
[Black "Köhn, Kai-Uwe"]
[Result "0-1"]
[Termination "normal"]
[Board "14"]
[WhiteElo "1223"]
[BlackElo "1389"]
[PlyCount "154"]
[WhiteFideId "24675423"]
[EventCountry "GER"]
[EventRounds "11"]
[EventType "swiss"]
[EventDate "2000.06.03"]

1. c4 Nf6 2. Nc3 g6 3. e4 d6 4. h3 Bg7 5. d3 O-O 6. Nf3 e5 7. Bg5 c6 8. g4 Qc7
9. Bxf6 Bxf6 10. g5 Bg7 11. b4 f5 12. b5 fxe4 13. dxe4 Be6 14. Qd3 Nd7 15. Rd1
Nc5 16. Qe3 Qf7 17. Be2 Qe7 18. Qd2 Rad8 19. Rb1 Qf7 20. a4 Bxc4 21. Bxc4 Qxc4
22. Qe3 Nd3+ 23. Kd2 Nc5 24. Rhf1 Qd3+ 25. Qxd3 Nxd3 26. Kxd3 Rxf3+ 27. Kd2
Rxh3 28. bxc6 bxc6 29. Rb7 d5 30. exd5 cxd5 31. Rxa7 e4 32. Nd1 d4 33. Re7 e3+
34. fxe3 dxe3+ 35. Ke1 Bd4 36. a5 Ra8 37. a6 Bc5 38. Re5 Bd4 39. Re4 Bb6 40.
Ke2 Rh2+ 41. Kf3 Rf8+ 42. Rf4 Rxf4+ 43. Kxf4 e2 44. Re1 exd1=Q 45. Rxd1 Ra2 46.
Re1 Rxa6 47. Ke5 Ra8 48. Rf1 Rf8 49. Rb1 Bc7+ 50. Ke6 Bd8 51. Rb5 Bc7 52. Rd5
Re8+ 53. Kd7 Rd8+ 54. Kc6 Rxd5 55. Kxd5 Bf4 56. Ke4 Bxg5 57. Kf3 h5 58. Kg3 Kf7
59. Kh3 Kf6 60. Kg3 Bc1 61. Kh3 g5 62. Kg3 Kf5 63. Kf3 g4+ 64. Kg3 Ke4 65. Kg2
h4 66. Kg1 g3 67. Kg2 Kf4 68. Kf1 Kf3 69. Kg1 g2 70. Kh2 Kf2 71. Kh3 g1=Q 72.
Kxh4 Ba3 73. Kh5 Kf3 74. Kh6 Kf4 75. Kh7 Kf5 76. Kh8 Kf6 77. Kh7 Qg7# 0-1

[Event "DEM U12/U12w 2000"]
[Site "Überlingen GER"]
[Date "2000.06.07"]
[Round "6"]
[White "Cara, Bogdan"]
[Black "Ritscher, Martin"]
[Result "1/2-1/2"]
[Termination "normal"]
[Board "15"]
[WhiteElo "1376"]
[BlackElo "1098"]
[PlyCount "54"]
[EventCountry "GER"]
[EventRounds "11"]
[EventType "swiss"]
[EventDate "2000.06.03"]

1. e4 c5 2. c3 d5 3. exd5 Qxd5 4. d4 cxd4 5. cxd4 Nc6 6. Nf3 Bg4 7. Be3 Nf6 8.
Nc3 Qd8 9. Bb5 Rc8 10. d5 a6 11. dxc6 Qxd1+ 12. Rxd1 axb5 13. cxb7 Rb8 14. Nxb5
Rxb7 15. Nc3 Rxb2 16. Rb1 Rxb1+ 17. Nxb1 e6 18. O-O Bb4 19. a3 Ba5 20. Nbd2 O-O
21. Nc4 Bc7 22. a4 Rc8 23. h3 Bxf3 24. gxf3 Ra8 25. a5 Nd5 26. Ra1 Kf8 27. Rc1
Ra6 1/2-1/2

[Event "DEM U12/U12w 2000"]
[Site "Überlingen GER"]
[Date "2000.06.07"]
[Round "6"]
[White "Becker, Nils"]
[Black "Abel, Dennes"]
[Result "0-1"]
[Termination "normal"]
[Board "16"]
[WhiteElo "1178"]
[BlackElo "1348"]
[PlyCount "66"]
[WhiteFideId "4695216"]
[BlackFideId "24605417"]
[EventCountry "GER"]
[EventRounds "11"]
[EventType "swiss"]
[EventDate "2000.06.03"]

1. e4 c5 2. Nf3 Nc6 3. d4 cxd4 4. Nxd4 g6 5. Nc3 Bg7 6. Be3 Nf6 7. Bc4 O-O 8.
Bb3 a5 9. f3 d5 10. Nxc6 bxc6 11. exd5 Nxd5 12. Nxd5 cxd5 13. Bxd5 Rb8 14. O-O
Bxb2 15. Rb1 Ba6 16. Rf2 Be5 17. Rd2 Qc7 18. g3 Rxb1 19. Qxb1 Rb8 20. Qd1 Bc3
21. Bb3 Bxd2 22. Qxd2 Rd8 23. Qc1 Qc3 24. Kf2 Bb5 25. a3 a4 26. Ba2 Ba6 27. Bg5
Bb7 28. Be3 Qc6 29. Bf4 Qxf3+ 30. Ke1 Rd4 31. Bh6 Re4+ 32. Kd2 Re2+ 33. Kd1
Qf1# 0-1

[Event "DEM U12/U12w 2000"]
[Site "Überlingen GER"]
[Date "2000.06.07"]
[Round "6"]
[White "Berner, Stephan"]
[Black "Reiske, Anne"]
[Result "1/2-1/2"]
[Termination "normal"]
[Board "17"]
[WhiteElo "1076"]
[BlackElo "1337"]
[PlyCount "72"]
[WhiteFideId "24613126"]
[BlackFideId "24635472"]
[EventCountry "GER"]
[EventRounds "11"]
[EventType "swiss"]
[EventDate "2000.06.03"]

1. e4 e5 2. Nf3 Nf6 3. Nc3 Nc6 4. d3 Be7 5. Be2 O-O 6. O-O d6 7. Be3 Bg4 8. Qd2
d5 9. exd5 Nxd5 10. Nxd5 Qxd5 11. Rfd1 Rad8 12. h3 Bh5 13. Nh2 Bxe2 14. Qxe2
Rfe8 15. Qf3 Bf6 16. Qxd5 Rxd5 17. Ng4 Re6 18. Nxf6+ Rxf6 19. Re1 Re6 20. a3 a6
21. Rad1 Red6 22. f4 e4 23. Bf2 f5 24. g3 exd3 25. cxd3 Rxd3 26. Rxd3 Rxd3 27.
Re2 Rd8 28. Kg2 Kf7 29. g4 fxg4 30. hxg4 Re8 31. Rxe8 Kxe8 32. Kf3 Kd7 33. Ke4
Ne7 34. f5 h6 35. Bd4 Ng8 36. Bxg7 Ke7 1/2-1/2

[Event "DEM U12/U12w 2000"]
[Site "Überlingen GER"]
[Date "2000.06.07"]
[Round "6"]
[White "Rosenblatt, Marcus"]
[Black "Elstner, Eik"]
[Result "1-0"]
[Termination "normal"]
[Board "18"]
[WhiteElo "1298"]
[BlackElo "1027"]
[PlyCount "53"]
[WhiteFideId "24627453"]
[BlackFideId "24605581"]
[EventCountry "GER"]
[EventRounds "11"]
[EventType "swiss"]
[EventDate "2000.06.03"]

1. e4 e5 2. Nf3 Nf6 3. Nc3 Nc6 4. Bb5 d6 5. h3 Bd7 6. O-O g6 7. d3 Bg7 8. Nh2
O-O 9. f4 h6 10. Nf3 Nh5 11. f5 a6 12. Bc4 Kh7 13. Nh2 Na5 14. Bxf7 Nf4 15.
fxg6+ Nxg6 16. Qh5 Nh8 17. Nd5 Rxf7 18. Rxf7 Nxf7 19. Qxf7 c6 20. Nc3 Qb6+ 21.
Kh1 Rd8 22. b3 c5 23. Nd5 Qc6 24. Nf6+ Kh8 25. Bxh6 Bxf6 26. Qxf6+ Kh7 27. Qg7#
1-0

[Event "DEM U12/U12w 2000"]
[Site "Überlingen GER"]
[Date "2000.06.07"]
[Round "6"]
[White "Becker, Erik"]
[Black "Horstmann, Sven"]
[Result "0-1"]
[Termination "normal"]
[Board "19"]
[WhiteElo "1068"]
[BlackElo "1252"]
[PlyCount "86"]
[WhiteFideId "4696921"]
[EventCountry "GER"]
[EventRounds "11"]
[EventType "swiss"]
[EventDate "2000.06.03"]

1. e4 e6 2. d4 d5 3. exd5 exd5 4. Nf3 Bd6 5. Be3 Ne7 6. Nc3 Bg4 7. Bd3 Nbc6 8.
O-O O-O 9. a3 a6 10. h3 Be6 11. Ng5 h6 12. Nxe6 fxe6 13. Qg4 Nf5 14. Rae1 Qf6
15. Ne2 e5 16. c3 e4 17. Bc2 Na5 18. Bc1 Nc4 19. Bb3 b5 20. Bxc4 bxc4 21. Nf4
Bxf4 22. Qxf4 Qb6 23. Qe5 c6 24. g4 Rae8 25. Qh2 Nh4 26. Qg3 Nf3+ 27. Kh1 Nxe1
28. Rxe1 Rf3 29. Qg2 Ref8 30. Rf1 Qb3 31. Kg1 Qc2 32. Qh2 e3 33. Bxe3 Qxb2 34.
Qd6 Qxc3 35. Qe6+ Kh8 36. Bxh6 R3f6 37. Bxg7+ Kxg7 38. Qe7+ Kg6 39. f4 Qg3+ 40.
Kh1 Qxh3+ 41. Kg1 Qxg4+ 42. Kh1 Rh8+ 43. Qh7+ Rxh7# 0-1

[Event "DEM U12/U12w 2000"]
[Site "Überlingen GER"]
[Date "2000.06.07"]
[Round "6"]
[White "Aghadjanian, Aida"]
[Black "Christiansen, Claes"]
[Result "0-1"]
[Termination "normal"]
[Board "20"]
[WhiteElo "1039"]
[BlackElo "1248"]
[PlyCount "146"]
[EventCountry "GER"]
[EventRounds "11"]
[EventType "swiss"]
[EventDate "2000.06.03"]

1. c4 c5 2. Nc3 Nf6 3. g3 g6 4. Bg2 Bg7 5. Nf3 O-O 6. O-O d6 7. d4 cxd4 8. Nxd4
a6 9. Re1 Qc7 10. b3 Nc6 11. Nf3 Ne4 12. Nd5 Qd8 13. Be3 Bxa1 14. Bb6 Qd7 15.
Be3 Qf5 16. Qxa1 f6 17. Nd4 Qg4 18. Bf3 Qh3 19. Bxe4 Ne5 20. Bg2 Qh5 21. Nf4
Qh6 22. Nfe6 Qh5 23. Nxf8 Kxf8 24. Nf3 Ng4 25. Qc3 e5 26. Qb4 Ke7 27. Rd1 Kf7
28. Qxd6 e4 29. Qd5+ Qxd5 30. cxd5 exf3 31. Bxf3 Nxe3 32. fxe3 Bd7 33. e4 Rc8
34. Rd2 Ke7 35. g4 g5 36. Kg2 Kd6 37. Kg3 Rc3 38. h4 h6 39. Rd3 Rc2 40. a3 Bb5
41. Re3 Ke5 42. a4 Bd7 43. Rd3 b5 44. hxg5 hxg5 45. axb5 Bxb5 46. d6 Rc8 47.
Rd2 Rd8 48. b4 Rxd6 49. Rxd6 Kxd6 50. Kf2 Ke5 51. Ke3 Bd7 52. Kf2 Kd4 53. e5
fxe5 54. Bb7 Bb5 55. Kf3 Kc4 56. Ke4 Kxb4 57. e3 a5 58. Kxe5 a4 59. Be4 a3 60.
Bb1 Kb3 61. Kd6 Kb2 62. Kc5 Kxb1 63. Kxb5 a2 64. Kc4 a1=Q 65. Kd5 Qa4 66. e4
Qd7+ 67. Ke5 Kc2 68. Kf6 Qd6+ 69. Kf5 Qf4+ 70. Kg6 Qe5 71. Kh5 Kd3 72. Kg6 Kxe4
73. Kh6 Kf4 0-1

[Event "DEM U12/U12w 2000"]
[Site "Überlingen GER"]
[Date "2000.06.07"]
[Round "6"]
[White "Bayer, Marius"]
[Black "Herkt, Julia"]
[Result "0-1"]
[Termination "normal"]
[Board "21"]
[WhiteElo "1234"]
[BlackElo "1015"]
[PlyCount "62"]
[EventCountry "GER"]
[EventRounds "11"]
[EventType "swiss"]
[EventDate "2000.06.03"]

1. e4 c5 2. Nf3 d6 3. d4 cxd4 4. Nxd4 Nf6 5. Nc3 g6 6. Be2 Bg7 7. Be3 O-O 8.
Qd2 Qa5 9. f3 a6 10. Nb3 Qh5 11. O-O-O Nc6 12. Rdf1 b5 13. f4 Bg4 14. Bxg4 Nxg4
15. h3 Nxe3 16. Qxe3 e5 17. Qb6 Rfc8 18. Kb1 exf4 19. Nd5 Qe5 20. Nc3 b4 21.
Nd1 Qxe4 22. Qf2 Nd4 23. Nxd4 Bxd4 24. Re1 Qf5 25. Qd2 Rc7 26. Nf2 Rac8 27. Rc1
Be3 28. Qe2 Bxc1 29. Rxc1 a5 30. Nd3 Rc4 31. Qe7 Qxd3 0-1

[Event "DEM U12/U12w 2000"]
[Site "Überlingen GER"]
[Date "2000.06.07"]
[Round "6"]
[White "Brehmer, Johann Hinrich"]
[Black "Colloseus, Christian"]
[Result "0-1"]
[Termination "normal"]
[Board "22"]
[WhiteElo "941"]
[BlackElo "1231"]
[PlyCount "132"]
[EventCountry "GER"]
[EventRounds "11"]
[EventType "swiss"]
[EventDate "2000.06.03"]

1. d4 d5 2. c4 dxc4 3. e3 Bf5 4. Bxc4 a6 5. Qb3 e6 6. Qxb7 Nf6 7. Nc3 Nbd7 8.
Qb3 Nb6 9. Nf3 Ne4 10. O-O Bd6 11. Nxe4 Bxe4 12. Nd2 Bd5 13. Bxd5 exd5 14. Qc2
Rb8 15. Qc6+ Kf8 16. Nb3 Nc4 17. Nc5 Rb6 18. Nd7+ Ke7 19. Nxb6 cxb6 20. Qa4 b5
21. Qc2 h5 22. e4 Qc7 23. e5 Bb4 24. b3 f6 25. exf6+ Kxf6 26. bxc4 bxc4 27. Bd2
c3 28. Bxc3 Qxc3 29. Qxc3 Bxc3 30. Rad1 g5 31. Rd3 Ba5 32. f4 Rc8 33. fxg5+
Kxg5 34. Rg3+ Kh6 35. Rf6+ Kh7 36. h3 Rc4 37. Rf5 Kh6 38. Rf6+ Kh7 39. Rf7+ Kh6
40. Rfg7 Rc1+ 41. Kh2 Bc7 42. R7g6+ Kh7 43. Rxa6 h4 44. Raa3 hxg3+ 45. Rxg3
Bxg3+ 46. Kxg3 Rd1 47. a4 Rxd4 48. a5 Ra4 49. Kf3 Rxa5 50. g4 Ra3+ 51. Kg2 Re3
52. g5 d4 53. h4 d3 54. h5 d2 55. Kf2 Re1 56. g6+ Kg7 57. Kg2 d1=Q 58. Kg3 Qxh5
59. Kf2 Qxg6 60. Kxe1 Qg2 61. Kd1 Kf6 62. Kc1 Qe2 63. Kb1 Ke5 64. Ka1 Kd4 65.
Kb1 Kc3 66. Ka1 Qb2# 0-1